00807cam a2200217 a 450000100100000000500170001000800410002702000150006804000250008308200180010810000500012624501010017626000320027730000210030944000190033065000280034965000310037770000450040895201210045399900150057400000460220200929151452.0920812s1991 sp 000 f spa d a8435094006 aDO-SdBNPbspacBNPHU a863.64bG216u1 aGarcía Pavón, Francisco,d1919-19899470314aUna tarde lenta /cFrancisco García Pavón ; selección de Francisco J. Rodríguez Oquendo. aBarcelona :bEdhasa,c1991. a152 p. ;c19 cm. 0aRelatos913421 4aNovela española91123 4aLiteratura española96321 aRodríquez Oquendo, Francisco J.913422 001054708MOaGRbGRcHDd2009-07-23iLF1l0o863.64 G216up4602-10r2020-06-25w2020-06-25y4ZPréstamo en sala c4410d4410